000
00204 a2200109 4500
001
44120
040
_c
Anchieta - Aquarius
240
1
0
_a
Toquinho
_l
245
1
0
_a
Toquinho
650
4
_a
Música
942
_c
MU
999
_c
44120
_d
44120